000 01207nam a22003857a 4500
001 370
003 FISKH
005 20241031112220.0
008 230329b cb ||||| |||| 00| 0 eng d
010 _a 2008014199
020 _a9780545325424
040 _aDLC
_cDLC
_dDLC
_dFISKH
_beng
042 _alcac
050 0 0 _aPZ8.3.W4125
_bMac 2010
082 0 0 _a813.6
_222
100 1 _aWeeks, Sarah.
245 1 0 _aMac and Cheese /
_cby Sarah Weeks ; illustrated by Jane Manning.
250 _a1st ed.
260 _aNew York :
_bScholastic.
_c2010.
300 _a32 pages. :
_bcol. ill. ;
_c23 cm.
490 0 _aI can read! Beginning reading 1
505 _aF
520 _aTwo cats that are as different as night and day are nevertheless best friends.
521 1 _a430
_bLexile
521 1 _aF
_bRaz-Plus
650 1 _aStories in rhyme.
650 1 _aBest friends
_vFiction.
650 1 _aFriendship
_vFiction.
650 1 _aIndividuality
_vFiction.
650 1 _aCats
_vFiction.
700 1 _aManning, Jane,
_d1960-
_eill.
906 _a7
_bcbc
_corignew
_d1
_eecip
_f20
_gy-gencatlg
942 _2ddc
_cBK
_n0
999 _c370
_d370